Library Catalog

Street stories : (Record no. 491889)

MARC details
000 -LEADER
fixed length control field 00847nam a22002297a 4500
003 - CONTROL NUMBER IDENTIFIER
control field OSt
005 - DATE AND TIME OF LATEST TRANSACTION
control field 20260331121401.0
008 - FIXED-LENGTH DATA ELEMENTS--GENERAL INFORMATION
fixed length control field 260331b |||||||| |||| 00| 0 eng d
020 ## - INTERNATIONAL STANDARD BOOK NUMBER
International Standard Book Number 9789914779622
040 ## - CATALOGING SOURCE
Original cataloging agency Kenya National Library Service
082 ## - DEWEY DECIMAL CLASSIFICATION NUMBER
Classification number 828.99676203 ISA
100 ## - MAIN ENTRY--PERSONAL NAME
Personal name Isaacs, Mushila Victor
Relator term Author
245 ## - TITLE STATEMENT
Title Street stories :
Remainder of title three true tales of dreams, sacrifice and redemption /
Statement of responsibility, etc. Mushila Victor Isaacs & Elda Cicala.
300 ## - PHYSICAL DESCRIPTION
Extent ix, 287 pages ;
Dimensions 21 cm.
520 ## - SUMMARY, ETC.
Summary, etc. Street stories brings together three powerful true tales of courage and transformation from Kenya.
650 ## - SUBJECT ADDED ENTRY--TOPICAL TERM
Topical term or geographic name entry element Courage
Form subdivision Fiction
Geographic subdivision Kenya
650 ## - SUBJECT ADDED ENTRY--TOPICAL TERM
Topical term or geographic name entry element Transformation
Form subdivision Fiction
Geographic subdivision Kenya
700 ## - ADDED ENTRY--PERSONAL NAME
Personal name Cicala, Elda
Relator term Author
942 ## - ADDED ENTRY ELEMENTS (KOHA)
Source of classification or shelving scheme Dewey Decimal Classification
Koha item type Books
Suppress in OPAC No
Holdings
Withdrawn status Source of classification or shelving scheme Damaged status Not for loan Home library Current library Date acquired Source of acquisition Cost, normal purchase price Total checkouts Full call number Barcode Date last seen Price effective from Koha item type
  Dewey Decimal Classification     Preservation, Conservation & Publication Preservation, Conservation & Publication 03/31/2026 Legal 1500.00   828.99676203 ISA B233974 03/31/2026 03/31/2026 Books
  Dewey Decimal Classification     Preservation, Conservation & Publication Preservation, Conservation & Publication 03/31/2026 Legal 1500.00   828.99676203 ISA B233975 03/31/2026 03/31/2026 Books

© 2025, Kenya National Library Service | Designed & Maintained by Uvumbuzi Center